[Event "Oberfranken Senioren-EM2009 26th"]
[Site "Bischofsgrün (5.6.-13.6)"]
[Date "2009.06.06"]
[Round "2.10"]
[White "Bullock, Alfred"]
[Black "Theuermeister, Peter"]
[Result "0-1"]
[WhiteElo "1403"]
[BlackElo "1633"]
[PlyCount "62"]
[EventDate "2009.06.??"]
[EventType "swiss"]
[EventRounds "9"]
[WhiteTeam "ENG-Poole"]
[BlackTeam "Hof-PTSV SK"]
[WhiteTeamCountry "ENG"]

1. b3 Nf6 2. Bb2 e6 3. g3 d5 4. e3 Be7 5. Ne2 c5 6. Bg2 Nc6 7. d3 O-O 8. Nd2 e5
9. a3 Be6 10. h3 Qc7 11. e4 dxe4 12. Nxe4 Nxe4 13. Bxe4 Nd4 14. Nc1 f5 15. Bg2
f4 16. g4 f3 17. Bf1 Qd6 18. c3 Nc6 19. c4 Rad8 20. Qc2 Nd4 21. Bxd4 exd4 22.
Na2 Qe5+ 23. Kd1 Bg5 24. b4 b6 25. h4 Bf4 26. Bh3 h5 27. gxh5 Bxh3 28. Rxh3
Rde8 29. Rh1 Qxh5 30. Re1 Rxe1+ 31. Kxe1 Qxh4 0-1

[Event "Oberfranken Senioren-EM2009 26th"]
[Site "Bischofsgrün (5.6.-13.6)"]
[Date "2009.06.06"]
[Round "2.11"]
[White "Tunka, Josef"]
[Black "Romanow, Werner"]
[Result "0-1"]
[WhiteElo "1664"]
[BlackElo "1975"]
[PlyCount "121"]
[EventDate "2009.06.??"]
[EventType "swiss"]
[EventRounds "9"]
[WhiteTeam "Lingen SV"]
[BlackTeam "Merseburg SV"]

1. c4 Nf6 2. Nc3 c5 3. e4 Nc6 4. g3 g6 5. Bg2 Bg7 6. Nge2 O-O 7. O-O d6 8. h3
Bd7 9. Kh2 a6 10. d3 Rb8 11. a4 e6 12. Be3 Qc7 13. Qd2 Na5 14. Ra3 Rfe8 15. f4
Nc6 16. Rc1 Rbc8 17. d4 cxd4 18. Nxd4 Nxd4 19. Bxd4 e5 20. Be3 Be6 21. Nd5 Bxd5
22. exd5 exf4 23. Bxf4 Ne4 24. Qc2 f5 25. Rd3 b5 26. axb5 axb5 27. b3 bxc4 28.
bxc4 Rb8 29. Rb3 Rxb3 30. Qxb3 Rb8 31. Qd3 Rb2 32. Rc2 Nc5 33. Qe2 Rxc2 34.
Qxc2 Qe7 35. Qf2 Kf7 36. Bf3 Nd3 37. Qe3 Qxe3 38. Bxe3 Ne5 39. Be2 Nd7 40. Kg2
Bc3 41. g4 Kf6 42. gxf5 gxf5 43. Bf4 Be5 44. Bd2 Nc5 45. Kf3 Nb3 46. Be3 Bd4
47. Bf4 Bc5 48. Bd3 Bb4 49. Bf1 Bc5 50. Ke2 Nd4+ 51. Kd3 Nf3 52. Be2 Ne5+ 53.
Kc3 Ng6 54. Bh6 Ne5 55. Bf4 Bf2 56. Bh5 Bb6 57. Bxe5+ Kxe5 58. Kd2 Kf4 59. Be2
Kg3 60. Bf1 h5 61. Ke2 0-1

[Event "Oberfranken Senioren-EM2009 26th"]
[Site "Bischofsgrün (5.6.-13.6)"]
[Date "2009.06.06"]
[Round "2.12"]
[White "Klein, Reinhard(53)"]
[Black "Otto, Klaus(41)"]
[Result "1-0"]
[WhiteElo "1686"]
[BlackElo "1607"]
[PlyCount "54"]
[EventDate "2009.06.??"]
[EventType "swiss"]
[EventRounds "9"]
[WhiteTeam "München-RTA SC"]
[BlackTeam "Triebes SV"]

1. d4 Nf6 2. Bf4 e6 3. e3 d5 4. Nf3 c5 5. c3 cxd4 6. exd4 Bd6 7. Ne5 Qb6 8. Qc2
Nh5 9. Be3 Nc6 10. Be2 Nf6 11. Nd2 Qc7 12. f4 Bd7 13. O-O Ne7 14. Rae1 Nf5 15.
Bd3 Nxe3 16. Rxe3 g6 17. Ndf3 Nh5 18. f5 Bxe5 19. Nxe5 Rf8 20. g4 Nf6 21. fxg6
fxg6 22. Ref3 Ke7 23. g5 Ne4 24. Rf7+ Rxf7 25. Rxf7+ Kd6 26. Rxd7+ Qxd7 27.
Nxd7 Kxd7 1-0

[Event "Oberfranken Senioren-EM2009 26th"]
[Site "Bischofsgrün (5.6.-13.6)"]
[Date "2009.06.06"]
[Round "2.13"]
[White "Jeske, Guenter(28)"]
[Black "Segelken, Peter(41)"]
[Result "0-1"]
[WhiteElo "1587"]
[BlackElo "1702"]
[PlyCount "122"]
[EventDate "2009.06.??"]
[EventType "swiss"]
[EventRounds "9"]
[WhiteTeam "Rostock-07 SSC"]
[BlackTeam "Delmenhorst SK"]

1. c4 e5 2. e4 Nf6 3. Nc3 c6 4. g3 d6 5. Bg2 Be6 6. d3 Be7 7. Nge2 h6 8. Bd2
Nh7 9. f4 Bg4 10. h3 Bxe2 11. Nxe2 exf4 12. Bxf4 O-O 13. O-O Nd7 14. Rc1 Bg5
15. Qd2 Bxf4 16. Nxf4 Qe7 17. Rf2 Nc5 18. Rcf1 Ne6 19. Ne2 c5 20. Qe3 Qg5 21.
Qxg5 Nhxg5 22. h4 Nh7 23. Rf5 f6 24. Bh3 Rfe8 25. Rd5 Rad8 26. Bf5 Nhf8 27. a3
Nc7 28. Nf4 Nxd5 29. cxd5 g5 30. Nh5 Kf7 31. hxg5 hxg5 32. Bg4 Nh7 33. Be6+
Rxe6 34. dxe6+ Kxe6 35. Ng7+ Kd7 36. Kg2 Rg8 37. Nf5 Nf8 38. Ne3 Rg6 39. Nd5
Nh7 40. Rh1 Rg7 41. Rh6 Rf7 42. g4 Ke6 43. Kf3 b5 44. b3 a5 45. b4 cxb4 46.
axb4 a4 47. Ke3 Ra7 48. Rh2 Nf8 49. d4 Ng6 50. Nc3 Rb7 51. Rc2 Rc7 52. Kd2 Rc4
53. d5+ Ke5 54. Rb2 Nf4 55. Nxb5 Rxe4 56. Nc3 Rd4+ 57. Kc2 Nd3 58. Rb1 Nxb4+
59. Kb2 Rxg4 60. Nxa4 Nxd5 61. Re1+ Re4 0-1

[Event "Oberfranken Senioren-EM2009 26th"]
[Site "Bischofsgrün (5.6.-13.6)"]
[Date "2009.06.06"]
[Round "2.14"]
[White "Weidmann, Hartmut"]
[Black "Gehlen, Peter"]
[Result "1/2-1/2"]
[WhiteElo "1649"]
[BlackElo "1389"]
[PlyCount "65"]
[EventDate "2009.06.??"]
[EventType "swiss"]
[EventRounds "9"]
[WhiteTeam "Kirchenlamitz SF"]
[BlackTeam "Untersiemau TSV"]

1. d4 d5 2. c4 e6 3. Nc3 Bb4 4. a3 Bxc3+ 5. bxc3 h6 6. Bf4 Ne7 7. Nf3 Nd7 8. e3
O-O 9. Qc2 f5 10. h3 Nf6 11. Ne5 c6 12. Be2 Qe8 13. cxd5 cxd5 14. O-O Ng6 15.
Nxg6 Qxg6 16. c4 b6 17. cxd5 Nxd5 18. Bf3 Bb7 19. Be5 Rac8 20. Qa4 Nc3 21. Qxa7
Bxf3 22. g3 b5 23. Kh2 Rf7 24. Qa5 Ne2 25. Qxb5 f4 26. exf4 Nxf4 27. Rac1 Rxc1
28. Rxc1 Kh7 29. Qf1 Nd3 30. Rc3 Be2 31. Qxe2 Rxf2+ 32. Qxf2 Nxf2 33. Rc7
1/2-1/2

[Event "Oberfranken Senioren-EM2009 26th"]
[Site "Bischofsgrün (5.6.-13.6)"]
[Date "2009.06.06"]
[Round "2.15"]
[White "Froehling, Philippa"]
[Black "Oser, Thor"]
[Result "0-1"]
[WhiteElo "1259"]
[BlackElo "1613"]
[PlyCount "38"]
[EventDate "2009.06.??"]
[EventType "swiss"]
[EventRounds "9"]
[WhiteTeam "Bamberg-1868 SC"]
[BlackTeam "Jöhlingen SK"]

1. Nf3 d5 2. d4 Nd7 3. g3 e6 4. Bg2 Bd6 5. O-O h6 6. Re1 Ngf6 7. Nbd2 O-O 8. e4
dxe4 9. Nxe4 Nxe4 10. Rxe4 Nf6 11. Re1 c6 12. Ne5 Qc7 13. Ng4 Nxg4 14. Qxg4 f5
15. Qh4 Rf6 16. f4 Bd7 17. c3 Rb8 18. b4 a5 19. a3 Ra8 0-1

[Event "Oberfranken Senioren-EM2009 26th"]
[Site "Bischofsgrün (5.6.-13.6)"]
[Date "2009.06.07"]
[Round "3.1"]
[White "Jeske, Eckhard(52)"]
[Black "Weigel, Herbert"]
[Result "1-0"]
[WhiteElo "2159"]
[BlackElo "2010"]
[PlyCount "89"]
[EventDate "2009.06.??"]
[EventType "swiss"]
[EventRounds "9"]
[WhiteTeam "Rostock-07 SSC"]
[BlackTeam "Zirndorf SK"]

1. c4 e5 2. Nc3 d6 3. g3 Nc6 4. Bg2 f5 5. e3 Nf6 6. Nge2 g6 7. d4 e4 8. O-O Bg7
9. b4 O-O 10. Qb3 h6 11. a4 Kh7 12. a5 Ne7 13. f3 exf3 14. Bxf3 c6 15. d5 cxd5
16. cxd5 Nd7 17. Bg2 a6 18. Nd4 Bxd4 19. exd4 b5 20. Ne2 g5 21. Qd3 Nf6 22. Bd2
Kg7 23. Rae1 Bb7 24. h4 Nh7 25. Nc3 Qd7 26. hxg5 hxg5 27. Qe2 Ng8 28. Qd3 Ne7
29. Re2 Rf7 30. Rfe1 Raf8 31. Bf3 g4 32. Bg2 Ng6 33. Re6 Rf6 34. Ne2 Bc8 35.
Nf4 Nxf4 36. Bxf4 Qd8 37. R6e2 R8f7 38. Kf2 Rg6 39. Re8 Qd7 40. Qe3 Nf6 41. Re6
Nh5 42. Bxd6 Qd8 43. Qe5+ Nf6 44. Be7 Qd7 45. Rc1 1-0

[Event "Oberfranken Senioren-EM2009 26th"]
[Site "Bischofsgrün (5.6.-13.6)"]
[Date "2009.06.07"]
[Round "3.2"]
[White "Boeven, Manfred"]
[Black "Hoellger, Herbert"]
[Result "1/2-1/2"]
[WhiteElo "1978"]
[BlackElo "1883"]
[PlyCount "70"]
[EventDate "2009.06.??"]
[EventType "swiss"]
[EventRounds "9"]
[WhiteTeam "Geilenkirchen SF"]
[BlackTeam "Bad Hersfeld SK"]

1. d4 d5 2. Nc3 Bf5 3. f3 Nf6 4. Bg5 Nbd7 5. e3 c6 6. Qd2 Qa5 7. O-O-O e6 8. g4
Bg6 9. h4 h6 10. Bxf6 Nxf6 11. Bd3 Bxd3 12. cxd3 c5 13. dxc5 Bxc5 14. Kb1 O-O-O
15. d4 Bb4 16. Nge2 Kb8 17. Rc1 Rc8 18. a3 Be7 19. Nf4 Rc6 20. Ne4 Rxc1+ 21.
Rxc1 Qxd2 22. Nxd2 Nd7 23. h5 Bg5 24. Ng2 Rc8 25. Rxc8+ Kxc8 26. Kc2 Kc7 27.
Kd3 Kd6 28. f4 Bd8 29. Ne1 f5 30. gxf5 exf5 31. Nf1 Ke6 32. Nf3 Nf6 33. Ng3 Ne4
34. Ne2 Nf6 35. Ng3 Ne4 1/2-1/2

[Event "Oberfranken Senioren-EM2009 26th"]
[Site "Bischofsgrün (5.6.-13.6)"]
[Date "2009.06.07"]
[Round "3.3"]
[White "Theuermeister, Peter"]
[Black "Urytskyy, Arkadiy"]
[Result "0-1"]
[WhiteElo "1633"]
[BlackElo "2105"]
[PlyCount "102"]
[EventDate "2009.06.??"]
[EventType "swiss"]
[EventRounds "9"]
[WhiteTeam "Hof-PTSV SK"]
[BlackTeam "Kirchenlaibach TSV"]

1. d4 Nf6 2. Nf3 d6 3. c4 g6 4. Nc3 Bg7 5. e4 O-O 6. Be2 Nbd7 7. O-O e5 8. dxe5
dxe5 9. h3 c6 10. Be3 Qc7 11. Nd2 Re8 12. Nb3 Nf8 13. Qc2 Ne6 14. Rfd1 Bd7 15.
c5 Rad8 16. Rd2 Bc8 17. Rad1 Bf8 18. Rxd8 Rxd8 19. Rxd8 Qxd8 20. Na4 Be7 21. f3
Nh5 22. Qd2 Qxd2 23. Bxd2 Nhf4 24. Bc4 Bh4 25. Be3 Kf8 26. Kf1 Ke7 27. Bf2 Bg5
28. h4 Bf6 29. g3 Nh5 30. g4 Nhf4 31. Nc1 h5 32. g5 Bg7 33. Ne2 f6 34. Nxf4
Nxf4 35. Bg3 fxg5 36. hxg5 Ne6 37. b4 Nxg5 38. Bh4 Bf6 39. Kf2 Nxe4+ 40. fxe4
Bxh4+ 41. Kg2 Be1 42. b5 h4 43. bxc6 bxc6 44. Be2 g5 45. Nb2 g4 46. Nd3 Bg3 47.
Nb4 Bd7 48. Nc2 Bf4 49. Ne1 h3+ 50. Kh1 g3 51. Bf3 g2+ 0-1

[Event "Oberfranken Senioren-EM2009 26th"]
[Site "Bischofsgrün (5.6.-13.6)"]
[Date "2009.06.07"]
[Round "3.4"]
[White "Wawrinsky, Ludwig"]
[Black "Kraft, Hans(32)"]
[Result "1-0"]
[WhiteElo "1723"]
[BlackElo "1936"]
[PlyCount "39"]
[EventDate "2009.06.??"]
[EventType "swiss"]
[EventRounds "9"]
[WhiteTeam "Neuperlach SK"]
[BlackTeam "Zirndorf SK"]

1. e4 c5 2. d3 d5 3. Nc3 dxe4 4. Nxe4 e5 5. Be3 Nd7 6. Nf3 h6 7. g3 f5 8. Nc3
g5 9. Qe2 Ne7 10. Bxc5 e4 11. dxe4 Nxc5 12. exf5 Bxf5 13. Qe5 Rh7 14. Qxc5 Bd7
15. O-O-O Nc6 16. Re1+ Re7 17. Bd3 Kf7 18. Rxe7+ Bxe7 19. Qd5+ Kf8 20. Bg6 1-0

[Event "Oberfranken Senioren-EM2009 26th"]
[Site "Bischofsgrün (5.6.-13.6)"]
[Date "2009.06.07"]
[Round "3.5"]
[White "Schweizer, Wolfgang Dr"]
[Black "Meyer, Thomas(52)"]
[Result "1-0"]
[WhiteElo "1908"]
[BlackElo "1587"]
[PlyCount "59"]
[EventDate "2009.06.??"]
[EventType "swiss"]
[EventRounds "9"]
[WhiteTeam "Kulmbach SK"]
[BlackTeam "Tübingen SV"]

1. e4 c6 2. d4 d5 3. exd5 cxd5 4. Bd3 Nf6 5. c3 e6 6. Bf4 Bd6 7. Bxd6 Qxd6 8.
Nf3 O-O 9. O-O b6 10. Qe2 a5 11. Nbd2 Ba6 12. Bxa6 Nxa6 13. Ne5 a4 14. a3 Nc7
15. Rae1 Rfc8 16. Kh1 Nd7 17. Ndf3 Ne8 18. Nxd7 Qxd7 19. Ne5 Qe7 20. f3 Nd6 21.
Rf2 Nc4 22. Nd3 Qd6 23. f4 f6 24. Qxe6+ Qxe6 25. Rxe6 Re8 26. Rfe2 Rxe6 27.
Rxe6 Kf7 28. Re2 g6 29. Nb4 Ra7 30. Nxd5 1-0

[Event "Oberfranken Senioren-EM2009 26th"]
[Site "Bischofsgrün (5.6.-13.6)"]
[Date "2009.06.07"]
[Round "3.6"]
[White "Romanow, Werner"]
[Black "Doerfel, Franz"]
[Result "1-0"]
[WhiteElo "1975"]
[BlackElo "1787"]
[PlyCount "47"]
[EventDate "2009.06.??"]
[EventType "swiss"]
[EventRounds "9"]
[WhiteTeam "Merseburg SV"]
[BlackTeam "Rehau ASV"]

1. c4 e5 2. Nc3 Nf6 3. Nf3 d6 4. g3 Be6 5. d4 exd4 6. Nxd4 c6 7. Nxe6 fxe6 8.
Bh3 Qe7 9. e4 Nbd7 10. O-O O-O-O 11. Be3 Kb8 12. b4 g6 13. Qa4 Nb6 14. Qb3 d5
15. cxd5 cxd5 16. Bc5 Qe8 17. Bxb6 axb6 18. exd5 exd5 19. Rae1 Qc6 20. Re6 Rd6
21. Rxd6 Bxd6 22. Rd1 Re8 23. Bg2 Qc4 24. Qxc4 1-0

[Event "Oberfranken Senioren-EM2009 26th"]
[Site "Bischofsgrün (5.6.-13.6)"]
[Date "2009.06.07"]
[Round "3.7"]
[White "Schurig, Wilhelm"]
[Black "Huhn, Ulrich"]
[Result "0-1"]
[WhiteElo "1859"]
[BlackElo "1860"]
[PlyCount "97"]
[EventDate "2009.06.??"]
[EventType "swiss"]
[EventRounds "9"]
[WhiteTeam "Thiersheim SV"]
[BlackTeam "Berlin-Lasker-Steglitz SG"]

1. Nf3 d5 2. g3 Nf6 3. Bg2 Bf5 4. O-O c6 5. d3 e6 6. Nbd2 Be7 7. Qe1 h6 8. e4
dxe4 9. dxe4 Bh7 10. Qe2 O-O 11. e5 Nd5 12. Rd1 Bxc2 13. Re1 Bg6 14. a3 Nd7 15.
Nf1 Qb6 16. Ne3 Nxe3 17. Bxe3 Bc5 18. Bd2 Qxb2 19. Nh4 Bh7 20. Rad1 Rfd8 21.
Be4 Bxe4 22. Qxe4 Qd4 23. Qe2 Qa4 24. Qh5 Qc2 25. Nf3 Qf5 26. Qxf5 exf5 27. Nh4
Bxa3 28. Nxf5 Nf8 29. Be3 Bb4 30. Rxd8 Rxd8 31. Ra1 a5 32. Bb6 Rd5 33. f4 Bc5+
34. Bxc5 Rxc5 35. Rd1 Ne6 36. Rd7 b5 37. Nd6 b4 38. Rb7 Rc2 39. f5 Nc5 40. Rb8+
Kh7 41. Nxf7 Rc1+ 42. Kg2 Rc2+ 43. Kh3 g5 44. Nd6 Re2 45. Nc4 b3 46. f6 Rf2 47.
Nxa5 b2 48. f7 Ne6 49. Nxc6 0-1

[Event "Oberfranken Senioren-EM2009 26th"]
[Site "Bischofsgrün (5.6.-13.6)"]
[Date "2009.06.07"]
[Round "3.8"]
[White "Jaschke, Dieter"]
[Black "Tuertmann, Dieter"]
[Result "1/2-1/2"]
[WhiteElo "1773"]
[BlackElo "1814"]
[PlyCount "78"]
[EventDate "2009.06.??"]
[EventType "swiss"]
[EventRounds "9"]
[WhiteTeam "Kirchenlaibach TSV"]
[BlackTeam "Eberswalde-1949 ESV"]

1. d4 d5 2. Nf3 Nf6 3. g3 c6 4. Bg2 Bf5 5. O-O e6 6. Nbd2 Bd6 7. Re1 O-O 8. Nh4
Nbd7 9. e4 Nxe4 10. Nxe4 dxe4 11. Bxe4 Bxe4 12. Rxe4 Nf6 13. Bg5 h6 14. Bxf6
Qxf6 15. Qe2 Rad8 16. Nf3 Rd7 17. Ne5 Bxe5 18. dxe5 Qd8 19. Re1 Rd2 20. Qe3
Rxc2 21. Qb3 Rc5 22. Qxb7 Qb6 23. Qxb6 axb6 24. R1e2 Rd5 25. Rb4 b5 26. Rc2
Rxe5 27. Rxc6 Rd8 28. Rc2 Ra8 29. a3 h5 30. h4 g6 31. Kf1 Kg7 32. Rc7 Rf5 33.
Rb7 Ra5 34. Ke2 Re5+ 35. Kf3 Rf5+ 36. Rf4 Kf6 37. Rxf5+ gxf5 38. Ke3 Kg6 39.
Rb6 Kf6 1/2-1/2

[Event "Oberfranken Senioren-EM2009 26th"]
[Site "Bischofsgrün (5.6.-13.6)"]
[Date "2009.06.07"]
[Round "3.9"]
[White "Ragsch, Klaus"]
[Black "Klein, Reinhard(53)"]
[Result "1-0"]
[WhiteElo "1813"]
[BlackElo "1686"]
[PlyCount "83"]
[EventDate "2009.06.??"]
[EventType "swiss"]
[EventRounds "9"]
[WhiteTeam "Neuss/Norf SG"]
[BlackTeam "München-RTA SC"]

1. e4 g6 2. h4 d6 3. h5 Nf6 4. hxg6 fxg6 5. Nc3 Nc6 6. Nf3 Bg4 7. Be2 Qd7 8. d3
O-O-O 9. Bg5 Bg7 10. Qd2 Rdf8 11. O-O-O Nh5 12. Kb1 e5 13. Nd5 h6 14. Be3 Kb8
15. Nh4 Bxe2 16. Qxe2 Nf4 17. Bxf4 exf4 18. Nxg6 Nd4 19. Qd2 Qb5 20. Qb4 Qxb4
21. Nxb4 a5 22. Nd5 f3 23. gxf3 Nxf3 24. Nxh8 Rxh8 25. Ne3 h5 26. Nf5 Bf6 27.
Rh3 Ng5 28. Rhh1 Nf3 29. Rh3 Ng5 30. Re3 h4 31. Rh1 h3 32. f4 Ne6 33. Rexh3
Rxh3 34. Rxh3 Nxf4 35. Rf3 Bg5 36. Rg3 Ne6 37. Rg4 Bd2 38. c3 b5 39. Kc2 Bg5
40. Ng7 Nxg7 41. Rxg5 Ne6 42. Rxb5+ 1-0

[Event "Oberfranken Senioren-EM2009 26th"]
[Site "Bischofsgrün (5.6.-13.6)"]
[Date "2009.06.07"]
[Round "3.10"]
[White "Segelken, Peter(41)"]
[Black "Josting, Friedel"]
[Result "1/2-1/2"]
[WhiteElo "1702"]
[BlackElo "1821"]
[PlyCount "63"]
[EventDate "2009.06.??"]
[EventType "swiss"]
[EventRounds "9"]
[WhiteTeam "Delmenhorst SK"]
[BlackTeam "Bünde SG"]

1. e4 c5 2. Nf3 e6 3. Nc3 Nc6 4. d3 Be7 5. Be3 b6 6. Be2 Bb7 7. O-O d6 8. h3
Nf6 9. Nh2 d5 10. exd5 Nxd5 11. Nxd5 Qxd5 12. Bf3 Qd7 13. Qe2 O-O 14. Rad1 Rfd8
15. a3 Rac8 16. Bxc6 Bxc6 17. f4 Bf6 18. b3 Bb2 19. a4 Bd4 20. Nf3 Bxf3 21.
Qxf3 Qc6 22. Bxd4 cxd4 23. Qxc6 Rxc6 24. Rd2 Rdc8 25. Rff2 f5 26. g4 h6 27. Kg2
Kf7 28. Kf3 Rc5 29. Rfe2 R8c6 30. Rg2 Kf6 31. Rde2 Rc7 32. Rgf2 1/2-1/2

[Event "Oberfranken Senioren-EM2009 26th"]
[Site "Bischofsgrün (5.6.-13.6)"]
[Date "2009.06.07"]
[Round "3.11"]
[White "Oser, Thor"]
[Black "Barlo, Werner"]
[Result "1/2-1/2"]
[WhiteElo "1613"]
[BlackElo "1778"]
[PlyCount "119"]
[EventDate "2009.06.??"]
[EventType "swiss"]
[EventRounds "9"]
[WhiteTeam "Jöhlingen SK"]
[BlackTeam "Berlin-Zehlendorf SK"]

1. e4 e6 2. d4 d5 3. Bd3 c5 4. c3 Nc6 5. Ne2 cxd4 6. Nxd4 Qb6 7. Nb3 Nf6 8.
exd5 Nxd5 9. O-O g6 10. N1d2 Bg7 11. Nf3 O-O 12. Qe2 Bd7 13. Bg5 h6 14. Bd2
Rad8 15. Rfd1 Qc7 16. Qe4 Bc8 17. Bc2 b6 18. Qh4 Qe7 19. Qxe7 Ncxe7 20. Re1 Bb7
21. Be4 Rd7 22. Rab1 Rfd8 23. c4 Nf6 24. Bxb7 Rxb7 25. Bc3 Rbd7 26. Nbd2 Nc6
27. b3 Rd3 28. Bxf6 Bxf6 29. Ne4 Bg7 30. h3 Nd4 31. Nxd4 R3xd4 32. Re2 f5 33.
Ng3 Kf7 34. Rbe1 e5 35. Nf1 Rd1 36. Rxd1 Rxd1 37. g3 e4 38. Kg2 Bd4 39. Rd2
Rxd2 40. Nxd2 Ke6 41. Kf1 Bc3 42. Nb1 Bd4 43. Ke2 Ke5 44. Na3 a6 45. Nc2 Bc3
46. f3 exf3+ 47. Kxf3 g5 48. a3 a5 49. b4 axb4 50. axb4 h5 51. c5 bxc5 52. bxc5
f4 53. Na3 fxg3 54. c6 Ke6 55. Kxg3 Be5+ 56. Kf3 Kd5 57. Nc2 Kxc6 58. Ke4 Bf4
59. Nd4+ Kd6 60. Kf5 1/2-1/2

[Event "Oberfranken Senioren-EM2009 26th"]
[Site "Bischofsgrün (5.6.-13.6)"]
[Date "2009.06.07"]
[Round "3.12"]
[White "Wagner, Gerhard(50)"]
[Black "Weidmann, Hartmut"]
[Result "0-1"]
[WhiteElo "1560"]
[BlackElo "1649"]
[PlyCount "70"]
[EventDate "2009.06.??"]
[EventType "swiss"]
[EventRounds "9"]
[WhiteTeam "Windach Spf."]
[BlackTeam "Kirchenlamitz SF"]

1. e4 d5 2. exd5 Qxd5 3. Nc3 Qa5 4. d4 Nf6 5. Bd2 c6 6. Nf3 Qc7 7. Bd3 e6 8.
O-O Bd6 9. Ne4 Nxe4 10. Bxe4 Nd7 11. g3 Nf6 12. Bd3 b6 13. Re1 Bb7 14. c4 O-O
15. Bg5 Be7 16. Qc2 c5 17. Bxf6 Bxf6 18. Bxh7+ Kh8 19. Be4 cxd4 20. Rad1 Rad8
21. Qe2 g6 22. b3 Bc8 23. Qd2 Bg7 24. Qg5 Qc5 25. Qh4+ Kg8 26. Ng5 Rfe8 27. Rd3
f6 28. Qh7+ Kf8 29. Red1 Qxg5 30. Bxg6 Re7 31. Rxd4 Rxd4 32. Rxd4 Rd7 33. Rf4
e5 34. h4 Bb7 35. Rxf6+ Qxf6 0-1

[Event "Oberfranken Senioren-EM2009 26th"]
[Site "Bischofsgrün (5.6.-13.6)"]
[Date "2009.06.07"]
[Round "3.13"]
[White "Gehlen, Peter"]
[Black "Bullock, Alfred"]
[Result "0-1"]
[WhiteElo "1389"]
[BlackElo "1403"]
[PlyCount "76"]
[EventDate "2009.06.??"]
[EventType "swiss"]
[EventRounds "9"]
[WhiteTeam "Untersiemau TSV"]
[BlackTeam "ENG-Poole"]
[BlackTeamCountry "ENG"]

1. e4 d6 2. Nf3 Nd7 3. Nc3 e5 4. h3 Ngf6 5. Bc4 h6 6. O-O Be7 7. d4 O-O 8. dxe5
Nxe5 9. Bf4 Nxc4 10. b3 Ne5 11. Bxe5 dxe5 12. Nxe5 Qxd1 13. Raxd1 Rd8 14. Rxd8+
Bxd8 15. Rd1 Be6 16. f3 c6 17. Ne2 Bb6+ 18. Kh1 Rd8 19. Rxd8+ Bxd8 20. Nd4 Bc7
21. Nxe6 fxe6 22. Ng4 Nxg4 23. hxg4 g5 24. Kg1 Kf7 25. Kf2 e5 26. Ke3 Ke6 27.
Kd3 Kd6 28. Kc4 b5+ 29. Kc3 Bb6 30. b4 a5 31. a3 c5 32. Kb3 cxb4 33. axb4 axb4
34. Kxb4 Kc6 35. c4 Bc5+ 36. Kb3 b4 37. Kc2 Bf2 38. Kb3 Kc5 0-1

[Event "Oberfranken Senioren-EM2009 26th"]
[Site "Bischofsgrün (5.6.-13.6)"]
[Date "2009.06.07"]
[Round "3.14"]
[White "Jeske, Guenter(28)"]
[Black "Tunka, Josef"]
[Result "1/2-1/2"]
[WhiteElo "1587"]
[BlackElo "1664"]
[PlyCount "46"]
[EventDate "2009.06.??"]
[EventType "swiss"]
[EventRounds "9"]
[WhiteTeam "Rostock-07 SSC"]
[BlackTeam "Lingen SV"]

1. c4 c5 2. Nc3 Nc6 3. e4 e5 4. g3 g6 5. Bg2 Bg7 6. Nge2 Nge7 7. O-O d6 8. d3
O-O 9. h3 Be6 10. f4 f5 11. a3 Qd7 12. Kh2 Rab8 13. Nd5 Nd4 14. Nec3 b6 15. Bd2
a6 16. a4 Nec6 17. Na2 a5 18. Nac3 Nb4 19. Be3 Ndc2 20. Rc1 Nxd5 21. Nxd5 Bxd5
22. Rxc2 Bc6 23. b3 Rbe8 1/2-1/2

[Event "Oberfranken Senioren-EM2009 26th"]
[Site "Bischofsgrün (5.6.-13.6)"]
[Date "2009.06.07"]
[Round "3.15"]
[White "Otto, Klaus(41)"]
[Black "Froehling, Philippa"]
[Result "1-0"]
[WhiteElo "1607"]
[BlackElo "1259"]
[PlyCount "39"]
[EventDate "2009.06.??"]
[EventType "swiss"]
[EventRounds "9"]
[WhiteTeam "Triebes SV"]
[BlackTeam "Bamberg-1868 SC"]

1. e4 e5 2. Nf3 d6 3. Bc4 h6 4. Nc3 c6 5. h3 b5 6. Nxb5 cxb5 7. Bd5 Bd7 8. Bxa8
Bc6 9. Bxc6+ Nxc6 10. d3 d5 11. exd5 Qxd5 12. O-O Nd4 13. Nxd4 Qxd4 14. c3 Qb6
15. Re1 f6 16. d4 Bd6 17. Be3 Qc7 18. Qb3 Qc4 19. Qxc4 bxc4 20. dxe5 1-0

[Event "Oberfranken Senioren-EM2009 26th"]
[Site "Bischofsgrün (5.6.-13.6)"]
[Date "2009.06.08"]
[Round "4.1"]
[White "Boeven, Manfred"]
[Black "Jeske, Eckhard(52)"]
[Result "0-1"]
[WhiteElo "1978"]
[BlackElo "2159"]
[PlyCount "114"]
[EventDate "2009.06.??"]
[EventType "swiss"]
[EventRounds "9"]
[WhiteTeam "Geilenkirchen SF"]
[BlackTeam "Rostock-07 SSC"]

1. d4 d5 2. Nc3 e6 3. Nf3 Be7 4. e4 dxe4 5. Nxe4 Nf6 6. Nxf6+ Bxf6 7. c3 b6 8.
Bb5+ c6 9. Bd3 Bb7 10. Qe2 Nd7 11. Bf4 Qe7 12. O-O O-O 13. Ne5 Rfd8 14. Rad1 g6
15. Rd2 c5 16. Nxd7 Rxd7 17. Bb5 Rd5 18. Bc4 Rdd8 19. dxc5 Rxd2 20. Bxd2 Qxc5
21. Be3 Qc6 22. f3 Rd8 23. Bb3 h5 24. Rd1 Rc8 25. Bd4 e5 26. Be3 Qc7 27. Qd3 e4
28. Qd7 Be7 29. Qxc7 Rxc7 30. fxe4 Bxe4 31. Bf4 Bc5+ 32. Kf1 Re7 33. Bd6 Bxd6
34. Rxd6 Kg7 35. Kf2 h4 36. Ba4 Bf5 37. Bc6 Bg4 38. Bb5 Re5 39. Bd3 Be6 40. a3
Rc5 41. Rd4 g5 42. g3 hxg3+ 43. hxg3 Kf6 44. c4 Rc8 45. b4 Ke5 46. Re4+ Kd6 47.
Rd4+ Ke7 48. Be2 f5 49. Kf3 Kf6 50. Ke3 Ke5 51. Kd3 Rh8 52. Kc3 Rh2 53. Bd1 Ra2
54. Kb3 Rg2 55. Rd3 b5 56. Re3+ Kf6 57. Kc3 Bxc4 0-1

[Event "Oberfranken Senioren-EM2009 26th"]
[Site "Bischofsgrün (5.6.-13.6)"]
[Date "2009.06.08"]
[Round "4.2"]
[White "Urytskyy, Arkadiy"]
[Black "Wawrinsky, Ludwig"]
[Result "1-0"]
[WhiteElo "2105"]
[BlackElo "1723"]
[PlyCount "87"]
[EventDate "2009.06.??"]
[EventType "swiss"]
[EventRounds "9"]
[WhiteTeam "Kirchenlaibach TSV"]
[BlackTeam "Neuperlach SK"]

1. Nf3 Nf6 2. g3 g6 3. b3 b6 4. Bg2 Bb7 5. O-O Bg7 6. Bb2 O-O 7. c4 d6 8. d4
Nfd7 9. Nbd2 c5 10. Qc2 cxd4 11. Bxd4 Bxd4 12. Nxd4 Bxg2 13. Kxg2 Nf6 14. Rad1
Qc8 15. Qd3 Nbd7 16. N2f3 Nc5 17. Qe3 Qb7 18. Kg1 Qe4 19. Qd2 Ne6 20. Nb5 Rfc8
21. Qb2 Kg7 22. Nc3 Qb7 23. Nd5 Rd8 24. Rd2 b5 25. cxb5 Rd7 26. Nxf6 exf6 27.
Rfd1 Rad8 28. a4 Qe4 29. Nd4 Ng5 30. f3 Qe3+ 31. Kg2 h5 32. Rd3 Qe5 33. Qd2 Re8
34. h4 Nh7 35. e4 g5 36. Nf5+ Kg6 37. Rd5 Qe6 38. Nd4 Qe7 39. Qd3 Qd8 40. e5+
Kg7 41. Nf5+ Kh8 42. Nxd6 Kg8 43. Nxe8 Rxd5 44. Qxd5 1-0